00572nam a2200205 a 4500001001300000003000900013005001700022008004100039020000900080082002000089100002500109245004300134260004700177300000800224500003500232505002300267650002200290650002900312700002500341nice12345678IN_TiNIC20260116012802.0050524s1984 boma grp 000 0 eng  ac1500a324.245408bENG aEngineer, Asghar Ali aOn Developing Theory of Communal Riots aBombaybInstitute of Islamic Studiesc1984 a66p aincludes index and biblioraphy2 aBibliography, Err. aCommunalism-India aIslam-Relations Hinduism1 aEngineer, Asghar Ali